000 01149nam a2200277Ia 4500
999 _c47226
_d47226
001 14086
003 GE_BSU
005 20241104172017.0
008 181216s1986||||un |||||||||||||| ||rus||
040 _cGE_BSU
041 _aru
080 _a616-056.3(075.8) А-31
100 _aБережная, Н.
_923615
245 _aАллергология :
_bСловарь-справочник /
_cH. Бережная, Л. Бобкова, И. Петровская, С. И. Ялкут ; ред. Г. М. Ледяева, А. В. Янковская и др.
264 _aКиев :
_bНаукова думка,
_c1986.
300 _a445 стр. ;
_c22 см.
541 _h15л.
653 _aАллергология
653 _aСловарь-справочник
700 _aБобкова, Л.П.,
_cავტორი
_923616
700 _aПетровская, И. А.,
_cავტორი
_923617
700 _aЯлкут, С.И.,
_cავტორი
_923618
700 _aЛедяева, Г. М.,
_cრედაქტორი
_923619
700 _aЯнковская, А. В.,
_cრედაქტორი
_923620
942 _cBK
_2udc